000
00386nam a2200169Ia 4500
005
20250507130103.0
008
008 250505s9999 xx 000 0 eng d
037
_a
Bound Volumes
040
_a
EASL
_b
eng
_c
EASL
041
_a
eng
_2
eng
084
_q
EASL
245
0
_a
China Update
260
_c
0000
490
_v
10-11
942
_c
CR
999
_c
1317561
_d
1317561